Loading...
| Arts - Music | 4 | 2 | 0 | 0 | 80 | 18 | 60.67 | 5 | 6 |
| History - Euro History | 0 | 3 | 0 | 1 | 30 | 63 | 89.00 | 2 | 3 |
| Other - Geo/CE | 0 | 3 | 0 | 0 | 30 | 95 | 102.00 | 0 | 3 |
| History - Other History | 0 | 3 | 1 | 1 | 25 | 87 | 99.67 | 1 | 3 |
| Arts - Painting | 0 | 3 | 1 | 1 | 25 | 73 | 100.67 | 1 | 3 |
| History - World History | 0 | 2 | 0 | 1 | 20 | 124 | 124.50 | 0 | 2 |
| Arts - Other Arts | 0 | 2 | 0 | 0 | 20 | 68 | 80.50 | 2 | 2 |
| Literature - World Lit | 0 | 2 | 0 | 0 | 20 | 91 | 93.00 | 0 | 2 |
| Beliefs - Religion | 0 | 2 | 1 | 0 | 15 | 88 | 89.50 | 1 | 2 |
| Beliefs - Mythology | 0 | 2 | 1 | 1 | 15 | 107 | 109.00 | 0 | 2 |
| Science - Other Science | 1 | 0 | 0 | 0 | 15 | 66 | 66.00 | 0 | 1 |
| History - American History | 1 | 0 | 0 | 0 | 15 | 53 | 53.00 | 1 | 1 |
| Thought - Social Science | 0 | 1 | 0 | 1 | 10 | 126 | 126.00 | 0 | 1 |
| Thought - Philosophy | 0 | 1 | 0 | 0 | 10 | 123 | 123.00 | 0 | 1 |
| Literature - American Lit | 0 | 1 | 0 | 1 | 10 | 144 | 144.00 | 0 | 1 |
| Literature - British Lit | 1 | 0 | 2 | 0 | 5 | 89 | 89.00 | 1 | 1 |
| Literature - Euro Lit | 0 | 1 | 1 | 0 | 5 | 138 | 138.00 | 0 | 1 |